Manual of naval architecture; the fundamental principles of naval architecture, ship-design and construction for masters and mates (Record no. 1367)

000 -LEADER
fixed length control field 00508nam a22001577a 4500
008 - FIXED-LENGTH DATA ELEMENTS--GENERAL INFORMATION
fixed length control field 200123b ||||| |||| 00| 0 eng d
082 00 - DEWEY DECIMAL CLASSIFICATION NUMBER
Classification number 623.8
Item number M2832
100 ## - MAIN ENTRY--PERSONAL NAME
9 (RLIN) 398
Personal name Manning, George C.
245 10 - TITLE STATEMENT
Title Manual of naval architecture; the fundamental principles of naval architecture, ship-design and construction for masters and mates
250 ## - EDITION STATEMENT
Edition statement 8th
260 ## - PUBLICATION, DISTRIBUTION, ETC. (IMPRINT)
Place of publication, distribution, etc London
Name of publisher, distributor, etc Van Nostrand
Date of publication, distribution, etc 1930
300 ## - PHYSICAL DESCRIPTION
Extent xiv,183p.
365 ## - TRADE PRICE
Unit of pricing 15.12
650 #0 - SUBJECT ADDED ENTRY--TOPICAL TERM
Topical term or geographic name as entry element Naval Architecture
942 ## - ADDED ENTRY ELEMENTS (KOHA)
Item type Books
Holdings
Withdrawn status Lost status Source of classification or shelving scheme Damaged status Not for loan Permanent location Current location Date acquired Source of acquisition Full call number Barcode Date last seen Koha item type
          IMU Kolkata IMU Kolkata 1952-12-29 A. H. Wheeler 623.8 M2832 01160 2020-01-23 Books
          IMU Kolkata IMU Kolkata 1952-12-29 A. H. Wheeler 623.8 M2832 01161 2020-01-23 Books
Designed and Maintained by IMU-KC Library, Kolkata Campus © Copyright All Rights Reserved

webs counters

Powered by Koha